El tercer mundo : (Record no. 110821)
[ view plain ]
| 000 -CABECERA | |
|---|---|
| campo de control de longitud fija | 01208nam a2200349 a 4500 |
| 001 - NÚMERO DE CONTROL | |
| campo de control | 000114360 |
| 003 - IDENTIFICADOR DEL NÚMERO DE CONTROL | |
| campo de control | CHAP |
| 005 - FECHA Y HORA DE LA ÚLTIMA TRANSACCIÓN | |
| campo de control | 20220329144438.0 |
| 008 - DATOS DE LONGITUD FIJA--INFORMACIÓN GENERAL | |
| campo de control de longitud fija | 180115s1996 mx |rb |||1|||spa d |
| 010 ## - NÚMERO DE CONTROL DE LA BIBLIOTECA DEL CONGRESO | |
| Número de control de LC | 110821 |
| 011 ## - ENLACE DEL NUMERO DE CONTROL DE LA BIBLIOTECA DEL CONGRESO [OBSOLETO] | |
| Número de control de LC | 111793 |
| 020 ## - NÚMERO INTERNACIONAL ESTÁNDAR DEL LIBRO | |
| Número Internacional Estándar del Libro | 968-36-3692-6 (Serie Fuentes) |
| 020 ## - NÚMERO INTERNACIONAL ESTÁNDAR DEL LIBRO | |
| Número Internacional Estándar del Libro | 968-36-4888-6 (núm. 13) |
| 020 ## - NÚMERO INTERNACIONAL ESTÁNDAR DEL LIBRO | |
| Número Internacional Estándar del Libro | 9683636942 (Colección Cuadernos del CEIICH) |
| 040 ## - FUENTE DE LA CATALOGACIÓN | |
| Centro/agencia transcriptor | CHAP |
| 082 04 - NÚMERO DE LA CLASIFICACIÓN DECIMAL DEWEY | |
| Número de clasificación | 010.1716 |
| Número de documento/Ítem | T31 |
| 245 03 - MENCIÓN DE TÍTULO | |
| Título | El tercer mundo : |
| Resto del título | sociedad, economía, política y cultura. Una bibliografía temática / |
| Mención de responsabilidad, etc. | compiladora María Consuelo Mejía. |
| 260 ## - PUBLICACIÓN, DISTRIBUCIÓN, ETC. | |
| Lugar de publicación, distribución, etc. | México : |
| Nombre del editor, distribuidor, etc. | UNAM. Coordinación de Humanidades, |
| Fecha de publicación, distribución, etc. | 1996. |
| 300 ## - DESCRIPCIÓN FÍSICA | |
| Extensión | 320 p. |
| 490 1# - MENCIÓN DE SERIE | |
| Mención de serie | Cuadernos del CEIICH. Serie Fuentes |
| Designación de volumen o secuencia | 13 |
| 590 ## - NOTA LOCAL (RLIN) | |
| Nota local | E6096MTM |
| Procedencia (VM) [OBSOLETO] | 05 |
| Condición del los carretes individuales (VM) [OBSOLETO] | 20180115 |
| -- | UCH01 |
| -- | 1502 |
| 590 ## - NOTA LOCAL (RLIN) | |
| Nota local | E6096MTM |
| Procedencia (VM) [OBSOLETO] | 05 |
| Condición del los carretes individuales (VM) [OBSOLETO] | 20180116 |
| -- | UCH01 |
| -- | 1345 |
| 650 14 - PUNTO DE ACCESO ADICIONAL DE MATERIA--TÉRMINO DE MATERIA | |
| Término de materia o nombre geográfico como elemento de entrada | Ciencias políticas |
| Subdivisión de forma | Bibliografía. |
| 9 (RLIN) | 134363 |
| 650 14 - PUNTO DE ACCESO ADICIONAL DE MATERIA--TÉRMINO DE MATERIA | |
| Término de materia o nombre geográfico como elemento de entrada | Cultura |
| Subdivisión de forma | Bibliografia. |
| 9 (RLIN) | 134349 |
| 650 14 - PUNTO DE ACCESO ADICIONAL DE MATERIA--TÉRMINO DE MATERIA | |
| Término de materia o nombre geográfico como elemento de entrada | Economía |
| Subdivisión general | Bibliografía. |
| 9 (RLIN) | 35230 |
| 650 14 - PUNTO DE ACCESO ADICIONAL DE MATERIA--TÉRMINO DE MATERIA | |
| Término de materia o nombre geográfico como elemento de entrada | Sociología |
| Subdivisión de forma | Bibliografía. |
| 9 (RLIN) | 134364 |
| 700 1# - PUNTO DE ACCESO ADICIONAL--NOMBRE DE PERSONA | |
| Nombre de persona | Mejía, María Consuelo |
| Término indicativo de función/relación | , comp. |
| 9 (RLIN) | 134337 |
| 830 #0 - PUNTO DE ACCESO ADICIONAL DE SERIE-TÍTULO UNIFORME | |
| Título uniforme | Cuadernos del CEIICH. Serie Fuentes |
| Designación de volumen o secuencia | 13 |
| 9 (RLIN) | 134340 |
| 901 ## - ELEMENTOS DE DATOS A LOCAL LDA (RLIN) | |
| a | BK |
| 942 ## - ELEMENTOS DE PUNTO DE ACCESO ADICIONAL (KOHA) | |
| Tipo de ítem Koha | Libro |
| 942 ## - ELEMENTOS DE PUNTO DE ACCESO ADICIONAL (KOHA) | |
| Suprimir en OPAC | 0 |
| Estado de retiro | Estado de pérdida | Fuente del sistema de clasificación o colocación | Estado dañado | Restricciones de uso | No para préstamo | Código de colección | Localización permanente | Ubicación/localización actual | Fecha de adquisición | Información codificada de la localización en otra ubicación | Total de préstamos | Signatura topográfica completa | Código de barras | Fecha visto por última vez | Precio válido a partir de | Tipo de ítem Koha |
|---|---|---|---|---|---|---|---|---|---|---|---|---|---|---|---|---|
| Dewey Decimal Classification | Préstamo 15 días | General | Centro Regional San Luis Acatlán | Centro Regional San Luis Acatlán | 16/01/2018 | LIBRO | 010.1716 T31 | 02000001160 | 31/12/2019 | 16/01/2018 | Libro |
